5HLuxD.jpg

KING HENRY VIII SENIOR AND PRIMARY SCHOOL LIBRARY OPAC

Biology in context : (Record no. 2589)

000 -LEADER
fixed length control field 01385cam a2200373 i 4500
001 - CONTROL NUMBER
control field 19690829
003 - CONTROL NUMBER IDENTIFIER
control field OSt
005 - DATE AND TIME OF LATEST TRANSACTION
control field 20230724105420.0
008 - FIXED-LENGTH DATA ELEMENTS--GENERAL INFORMATION
fixed length control field 170605s2015 enka 001 0 eng
010 ## - LIBRARY OF CONGRESS CONTROL NUMBER
LC control number 2017394229
020 ## - INTERNATIONAL STANDARD BOOK NUMBER
International Standard Book Number 9780198399599 (pbk)
020 ## - INTERNATIONAL STANDARD BOOK NUMBER
International Standard Book Number 0198399596 (pbk)
040 ## - CATALOGING SOURCE
Original cataloging agency DLC
Language of cataloging eng
Description conventions rda
Transcribing agency DLC
Modifying agency DLC
-- KH8
042 ## - AUTHENTICATION CODE
Authentication code pcc
050 00 - LIBRARY OF CONGRESS CALL NUMBER
Classification number QH308.2
Item number .T66 2015
082 00 - DEWEY DECIMAL CLASSIFICATION NUMBER
Classification number 570 TOO
100 1# - MAIN ENTRY--PERSONAL NAME
Personal name Toole, Glenn,
Relator term author.
245 10 - TITLE STATEMENT
Title Biology in context :
Remainder of title for Cambridge international AS & A level /
Statement of responsibility, etc. Glenn and Susan Toole ; Stephanie Fowler.
250 ## - EDITION STATEMENT
Edition statement Second edition.
264 #1 - PRODUCTION, PUBLICATION, DISTRIBUTION, MANUFACTURE, AND COPYRIGHT NOTICE
Place of production, publication, distribution, manufacture Oxford, United Kingdom :
Name of producer, publisher, distributor, manufacturer Oxford University Press,
Date of production, publication, distribution, manufacture, or copyright notice [2015]
300 ## - PHYSICAL DESCRIPTION
Extent x, 447 pages :
Other physical details color illustrations ;
Dimensions 28 cm
336 ## - CONTENT TYPE
Content type term text
Content type code txt
Source rdacontent
337 ## - MEDIA TYPE
Media type term unmediated
Media type code n
Source rdamedia
338 ## - CARRIER TYPE
Carrier type term volume
Carrier type code nc
Source rdacarrier
500 ## - GENERAL NOTE
General note Includes index.
500 ## - GENERAL NOTE
General note First published in 2013.
500 ## - GENERAL NOTE
General note Revised edition of: Biology in context for Cambridge international A level / Glen and Susan Toole. Cheltenham. Nelson Thornes Ltd. 2013.
650 #0 - SUBJECT ADDED ENTRY--TOPICAL TERM
Topical term or geographic name entry element Biology
Form subdivision Textbooks.
700 1# - ADDED ENTRY--PERSONAL NAME
Personal name Toole, Susan,
Relator term author.
700 1# - ADDED ENTRY--PERSONAL NAME
Personal name Fowler, Stephanie,
Relator term author.
906 ## - LOCAL DATA ELEMENT F, LDF (RLIN)
a 7
b cbc
c orignew
d 2
e ncip
f 20
g y-gencatlg
942 ## - ADDED ENTRY ELEMENTS (KOHA)
Source of classification or shelving scheme
Koha item type Teaching Resources
Holdings
Withdrawn status Lost status Source of classification or shelving scheme Damaged status Not for loan Collection code Permanent Location Current Location Shelving location Date acquired Full call number Barcode Date last seen Price effective from Koha item type
          Teaching Resources KH8 Senior School Library KH8 Senior School Library Staff Office 2023-07-24 570 TOO TRKHSL001116 2023-07-24 2023-07-24 Teaching Resources
          Teaching Resources KH8 Senior School Library KH8 Senior School Library Staff Office 2024-09-24 570 TOO TRKHSL005692 2024-09-24 2024-09-24 Teaching Resources
          Teaching Resources KH8 Senior School Library KH8 Senior School Library Staff Office 2024-09-24 570 TOO TRKHSL005693 2024-09-24 2024-09-24 Teaching Resources
          Teaching Resources KH8 Senior School Library KH8 Senior School Library Staff Office 2024-09-24 570 TOO TRKHSL005694 2024-09-24 2024-09-24 Teaching Resources
          Teaching Resources KH8 Senior School Library KH8 Senior School Library Staff Office 2024-09-24 570 TOO TRKHSL005696 2024-09-24 2024-09-24 Teaching Resources
          Teaching Resources KH8 Senior School Library KH8 Senior School Library Staff Office 2024-09-24 570 TOO TRKHSL005697 2024-09-24 2024-09-24 Teaching Resources
          Teaching Resources KH8 Senior School Library KH8 Senior School Library Staff Office 2024-09-24 570 TOO TRKHSL005698 2024-09-24 2024-09-24 Teaching Resources
          Teaching Resources KH8 Senior School Library KH8 Senior School Library Staff Office 2024-09-24 570 TOO TRKHSL005699 2024-09-24 2024-09-24 Teaching Resources
          Teaching Resources KH8 Senior School Library KH8 Senior School Library Staff Office 2024-10-27 570 TOO TRKHSL005958 2024-10-27 2024-10-27 Teaching Resources
          Teaching Resources KH8 Senior School Library KH8 Senior School Library Staff Office 2024-10-27 570 TOO TRKHSL005959 2024-10-27 2024-10-27 Teaching Resources

Powered By KH8 IT Dept